000 00384pab a2200133 454500
008 180718b2005 xxu||||| |||| 00| 0 eng d
100 _aBenz, Matthias
245 _aNot for the profit, but for the satisfaction? - evidence on worker well-being in non-profit firms
260 _c2005
300 _ap.155-76.
650 _aNonprofit organizations
773 _aKyklos
909 _a66136
999 _c66136
_d66136